000 02445nam a22004097a 4500
001 B-262234-244
003 dpl
005 20080602112520.0
006 a|||||r|||||00| 0
007 ta
008 080602t xxu||||| |||| 00| 0 eng d
010 _aB-262234-244
020 _a1741119685
_c199.00
035 _aB-262234-244
037 _a43778 dt/ 22.4.2008
_bSuper Book Distributors/22.4.08/27/8.4.08/19.5.08/199.00/
040 _aDPL
_bEN
082 _aS / DIS
245 _aDisney's Lilo & Stitch /
_cillustrated by the Disney storybook artists
260 _aAustralia
_bfuntastic
_c2005
260 _aNew Delhi
_bSuper Book Distributors
270 _a800 Wellington Road, Rowville, Victoria 3178
_bAustralia
270 _aF-1/16, Basement Ansari Road, Darya Ganj
_bNew Delhi
300 _aVarious pagings.
_bcol. ill.
_c27cm.(Hb)
490 _aClassic story book collection
942 _2ddc
_cCH
_hS / DIS
999 _c13565
_d13565